| 000 | 00393nam a22001577a 4500 | ||
|---|---|---|---|
| 005 | 20180706164527.0 | ||
| 008 | 160627b xxu||||| |||| 00| 0 eng d | ||
| 041 | _aeng | ||
| 082 |
_b10677 _a658.15 |
||
| 100 |
_aBanerjee, Bhabatosh _92271 |
||
| 245 | _aFinancial Policy and Management Accounting | ||
| 260 |
_bWorld press _c1995 |
||
| 300 | _a890p, | ||
| 650 |
_aManagement _9241 |
||
| 942 | _cBK | ||
| 999 |
_c4329 _d4328 |
||